000 00382cam a2200133ua 4500
041 _aeng
_h
082 _a699.878
_bBUR/CO
100 _aBureau of Indian standers, .
245 _aCode of pracrice for anti: measure buildings /
_cBureau of Indian standards.
_hTextual Documents
260 _a :
_bBurau of Indian ,
_c1989.
300 _a16 ; .
504 _a
999 _c11655
_d11655